000 00600cam a2200205 4500
001 D16343
008 090401t1971 xxu||||| |||| 00| 0 eng d
035 _a(Sirsi) u95399
041 _aeng
100 _aNormington, R.
245 _aUrban redevelopment and estate management
260 _bRICS
_c1971
300 _a15p
350 _a0
520 _aStudy day for elected members of local authorities, 10th November, 1971; Filed in box 1971/17 A
710 _aRoyal Institution of Chartered Surveyors
_94900
710 _aPublic Officers Committee
_91463
942 _n0
948 _c04/03/1997
999 _c98481
_d98481